| 000 | 01456 a2200253 4500 | ||
|---|---|---|---|
| 005 | 20251212161016.0 | ||
| 008 | 251212b |||||||| |||| 00| 0 eng d | ||
| 020 | _a9788131614204 (hbk) | ||
| 037 | _cTB | ||
| 040 |
_aCRL _cCRL |
||
| 041 |
_2hin _ahin |
||
| 084 |
_aV2:12.N7 152R5 _qCRL |
||
| 245 | _aसमकालीन भारतीय संघवाद: चुनौतियाँ, अवसर एवं संभावनाएं | ||
| 260 |
_aनई दिल्ली, भारत: _bरावत पब्लिकेशन्स, _c2025. |
||
| 300 | _a246पृ. | ||
| 650 |
_aइतिहास _9856428 |
||
| 650 |
_aभारत - इतिहास _9856429 |
||
| 650 |
_aसंघवाद _9856430 |
||
| 700 |
_aसिसोदिया, यतीन्द्र सिंह _eसम्पादक _9856431 |
||
| 700 |
_aराजपूत, उदय सिंह _eसम्पादक _9856432 |
||
| 700 |
_aमिश्र, पुष्पेंद्र कुमार _eसम्पादक _9856433 |
||
| 942 |
_cTB _2CC _n0 _hV2:12.N7 152R5 |
||
| 999 |
_c1465089 _d1465089 |
||